000 00469ntaaa2200181 4500
003 01
005 20251027201931.0
008 0714s1973 ag 01
040 _aAR-BaBN
_bspa
_cAR-BaBN
_eaacr
_dRIC
082 _a244.5000 D71
100 _aDomínguez-Lemus-Campbell
_917907
245 _aEl hijo pródigo y otros dramas
250 _a1 ed.
260 _aEl Paso :
_bCasa Bautista de Publicaciones,
_c1965
300 _a32 p.
650 _aDramatización
942 _cBK
999 _c14053
_d14053